ARRUPE JESUIT UNIVERSITY

CORONAVIRUS -STOP THE SPREAD - CLEAN,DISINFECT,COVER

The fear (Record no. 6083)

MARC details
000 -LEADER
fixed length control field 01806cim a2200397 a 4500
001 - CONTROL NUMBER
control field 17090708
005 - DATE AND TIME OF LATEST TRANSACTION
control field 20170601123308.0
007 - PHYSICAL DESCRIPTION FIXED FIELD--GENERAL INFORMATION
fixed length control field sd fsngnnmmned
008 - FIXED-LENGTH DATA ELEMENTS--GENERAL INFORMATION
fixed length control field 111220s2011 mdunnn| h| | eng d
010 ## - LIBRARY OF CONGRESS CONTROL NUMBER
LC control number 2011651407
020 ## - INTERNATIONAL STANDARD BOOK NUMBER
International Standard Book Number 9781461801290
020 ## - INTERNATIONAL STANDARD BOOK NUMBER
International Standard Book Number 146180129X
028 02 - PUBLISHER NUMBER
Publisher number ND016
Source Recorded Books
035 ## - SYSTEM CONTROL NUMBER
System control number (OCoLC)ocn739667969
040 ## - CATALOGING SOURCE
Original cataloging agency WIM
Transcribing agency WIM
Modifying agency WIM
-- RECBX
-- ZAG
-- DLC
042 ## - AUTHENTICATION CODE
Authentication code lccopycat
043 ## - GEOGRAPHIC AREA CODE
Geographic area code f-rh---
050 00 - LIBRARY OF CONGRESS CALL NUMBER
Classification number RZC 0826
100 1# - MAIN ENTRY--PERSONAL NAME
Personal name Godwin, Peter,
Dates associated with a name 1957-
9 (RLIN) 31951
245 14 - TITLE STATEMENT
Title The fear
Medium [sound recording] :
Remainder of title [Robert Mugabe and the martyrdom of Zimbabwe] /
Statement of responsibility, etc by Peter Godwin.
260 ## - PUBLICATION, DISTRIBUTION, ETC. (IMPRINT)
Place of publication, distribution, etc Prince Frederick, MD :
Name of publisher, distributor, etc Recorded Books,
Date of publication, distribution, etc p2011.
300 ## - PHYSICAL DESCRIPTION
Extent 10 sound discs (12 hrs., 15 min.) :
Other physical details digital ;
Dimensions 4 3/4 in.
306 ## - PLAYING TIME
Playing time 121500
500 ## - GENERAL NOTE
General note Unabridged.
500 ## - GENERAL NOTE
General note In container (17 x 18 cm.).
500 ## - GENERAL NOTE
General note Compact discs.
511 0# - PARTICIPANT OR PERFORMER NOTE
Participant or performer note Narrated by the author.
520 ## - SUMMARY, ETC.
Summary, etc In this remarkable look inside Mugabe's isolated yet restive Zimbabwe, journalist Godwin and his sister, Georgina, return to their childhood home and tour the economically devastated and state-terrorized cities, farms, and diamond mines at considerable personal risk, gathering candid interviews with dispossessed farmers, marginalized elites, and former insiders to cast a light on the workings of Mugabe's dictatorship and psychology, and the "fear factor" crucial to his control.
600 10 - SUBJECT ADDED ENTRY--PERSONAL NAME
Personal name Mugabe, Robert Gabriel,
Dates associated with a name 1924-
9 (RLIN) 17726
651 #0 - SUBJECT ADDED ENTRY--GEOGRAPHIC NAME
Geographic name Zimbabwe
General subdivision Politics and government
Chronological subdivision 1980-
9 (RLIN) 31952
651 #0 - SUBJECT ADDED ENTRY--GEOGRAPHIC NAME
Geographic name Zimbabwe
General subdivision Economic conditions
Chronological subdivision 1980-
9 (RLIN) 15169
651 #0 - SUBJECT ADDED ENTRY--GEOGRAPHIC NAME
Geographic name Zimbabwe
General subdivision Social conditions
Chronological subdivision 1980-
9 (RLIN) 31953
655 #7 - INDEX TERM--GENRE/FORM
Genre/form data or focus term Audiobooks.
Source of term lcgft
-- 14326
906 ## - LOCAL DATA ELEMENT F, LDF (RLIN)
a 7
b cbc
c copycat
d 2
e ncip
f 20
g y-soundrec
942 ## - ADDED ENTRY ELEMENTS (KOHA)
Source of classification or shelving scheme Library of Congress Classification
Item type Monograph ( Printed materials)
Holdings
Withdrawn status Lost status Source of classification or shelving scheme Damaged status Not for loan Collection code Home library Current library Shelving location Date acquired Total Checkouts Full call number Barcode Date last seen Copy number Price effective from Koha item type
    Library of Congress Classification     Main Collection ARRUPE LIBRARY ARRUPE LIBRARY   27/02/2013   DT2996.G64 2010 46408202 27/02/2013 1 27/02/2013 Monograph ( Printed materials)

 

Arrupe Library. PO Box MP320 Mt Pleasant, Harare, Zimbabwe
263 242 745411|librarian@aju.ac.zw